=LDR 00000nam 2200000 4500 =001 INLIS000000000005107 =005 20130612093349 =008 ***********************************Ind** =035 ##$$0010-061300000005107 =041 ##$$a Ind =082 ##$$a 634.31 =090 ##$$a 634.31, Pra j =100 ##$$a PRACAYA =245 ##$$a Jeruk manis, Pracaya =260 ##$$a 1992 $b Jakarta =300 ##$$a ix, 185 hlm, ilus, 21 cm =650 ##$$a Jeruk =850 ##$$a NBPNMAT =990 ##$$a 0001/BPAP-NTB/2015